Štatistická ročenka hlavného mesta SSR Bratislavy

Bibliographic Details
Corporate Author: Slovensko. Štatistický úrad. Mestská správa Bratislava
Format: Serial
Language:Slovak
English
PhysicalDescription:zv. grafy, mp., tab. 21-30 cm
Published: [Bratislava Štatistický úrad SR]
ISBN:8096786512 (brož. : r. 2003)
8096786520 (brož. : r. 2004)
8096786539 (brož. : r. 2005)
8096786547 (brož. : r. 2006)
8096786558 (brož. : r. 2007)
9788089358199 (brož. : r. 2008)
9788089358618 (brož. : r. 2009)
9788081210419 (brož. : r. 2010)
9788081211058 (brož. : r. 2011)
9788081212147 (brož. : r. 2012)
9788081212987 (brož. : r. 2013)
9788081213656 (brož. : r. 2014)
9788081214547 (brož. : r. 2015)
9788081215339 (brož. : r. 2016)
9788081216114 (brož. : r. 2017)
9788081216794 (brož. : r. 2018)
9788081217487 (brož. : r. 2019)
9788081218170 (brož. : r. 2020)
Subjects:

MARC

LEADER 00000cas a2200000 a 4500
001 vtls001473280
003 SK-MaSNL
005 20260425194005.0
008 120925c19uu9999xo ar s 0 0b0slo
015 |a SNB2005/02-00560 (r. 2002)  |a SNB2006/04-01051 (r. 2003)  |a SNB2006/04-01052 (r. 2004)  |a SNB2006/04-01053 (r. 2005)  |a SNB2007/04-01428 (r. 2006)  |a SNB2008/03-01417 (r. 2007)  |a SNB2012/04-01180 (r. 2008)  |a SNB2012/04-01181 (r. 2009)  |a SNB2012/04-01182 (r. 2010)  |a SNBB2012/04-01183 (r. 2011)  |a SNB2013-(r. 2012)  |a SNB2016-(r. 2013, r. 2014, r. 2015)  |a SNB2017-(r. 2016)  |a SNB2018-(r. 2017)  |a SNB2019-(r. 2018)  |a SNB2020-(r. 2019)  |a SNB2021-(r. 2020)  |a SNB2023-(r. 2022) 
015 |a SKSNBA1975/05-01228 (r. 1974)  |a SKSNBA1975/12-03004 (r. 1975)  |a SNBA1981/08-(r. 1980) 
015 |a SNBE1996/0200854-(r. 1995)  |a SNBE1997/03-00775 (r. 1996)  |a SNBE2002/01-00145 (r. 2000)  |a SNBE2002/03-01438 (r. 2001) 
020 |a 8096786512 (brož. : r. 2003) 
020 |a 8096786520 (brož. : r. 2004) 
020 |a 8096786539 (brož. : r. 2005) 
020 |a 8096786547 (brož. : r. 2006) 
020 |a 8096786558 (brož. : r. 2007) 
020 |a 9788089358199 (brož. : r. 2008)  |z 8089358199 
020 |a 9788089358618 (brož. : r. 2009)  |z 8089358618 
020 |a 9788081210419 (brož. : r. 2010) 
020 |a 9788081211058 (brož. : r. 2011) 
020 |a 9788081212147 (brož. : r. 2012) 
020 |a 9788081212987 (brož. : r. 2013) 
020 |a 9788081213656 (brož. : r. 2014) 
020 |a 9788081214547 (brož. : r. 2015) 
020 |a 9788081215339 (brož. : r. 2016) 
020 |a 9788081216114 (brož. : r. 2017) 
020 |a 9788081216794 (brož. : r. 2018) 
020 |a 9788081217487 (brož. : r. 2019) 
020 |a 9788081218170 (brož. : r. 2020) 
035 |a SNK000428582 
040 |a SNK  |b slo  |c SNK  |e AACR2 
041 0 |a slo  |a eng 
043 |a e-xo--- 
044 |a xo  |c SK 
072 7 |a 311  |x Štatistika  |2 konspekt 
072 7 |a 314  |x Demografia. Populácia  |2 konspekt 
080 |a (437.6)  |2 2011 
080 |a (058)  |2 2011 
080 |a (036)  |2 2011 
080 |a 311:33  |2 2011 
080 |a 314.116  |2 2011 
080 |a 330.34  |2 2011 
080 |a (083.41)  |2 2011 
110 1 |a Slovensko.  |b Štatistický úrad.  |b Mestská správa Bratislava  |9 158191 
245 1 0 |a Štatistická ročenka hlavného mesta SSR Bratislavy 
246 1 1 |a Statistical yearbook of the capital of the Slovak Republic Bratislava 
246 3 3 |a Štatistická ročenka o hlavnom mesta SSR Bratislavy  |f 1971-1989? 
246 3 3 |a Štatistická ročenka - hlavné mesto SSR Bratislava  |f 1980-1989 
246 1 4 |a Štatistická ročenka - hlavné mesto SR Bratislava  |f 1990-2002? 
246 3 3 |a Štatistická ročenka hlavného mesta SR Bratislavy ...  |f 1990- 
260 |a [Bratislava  |b Štatistický úrad SR] 
300 |a zv.  |b grafy, mp., tab.  |c 21-30 cm 
310 |a 1x ročne 
362 0 |a [1971]- 
500 |a Súčasťou názvu je označenie bežného roku 
500 |a Od r. 2003 je výška 30 cm 
500 |a Od r. 2003 súbežný názov angl. 
500 |a Od r. 2008 je súčasťou publikácie elektronická verzia na CD-ROMe 
500 |a Vecný register 
500 |a Popis podľa: R. 2002 
500 |a Od r. [2021] na dokumente uvedené len ISBN (online) 
650 0 7 |a ekonomická štatistika  |2 SNKPH  |9 790 
650 0 7 |a Economic statistics  |2 SNKPHeng  |9 265577 
650 0 7 |a ekonomický rozvoj  |2 SNKPHeng  |9 49952 
650 0 7 |a Economic development  |2 SNKPHeng  |9 265578 
650 0 7 |a demografický vývoj  |2 SNKPH  |9 3826 
650 0 7 |a Demographic transition  |2 SNKPHeng  |9 265579 
651 7 |a Bratislava (Slovensko)  |2 SNKPHgeo  |9 14568 
651 7 |a Bratislava (Slovakia)  |2 SNKPHeng  |9 171234 
655 7 |a ročenky  |2 SNKPH  |9 57146 
655 7 |a informačné publikácie  |2 SNKPH  |9 70181 
655 7 |a Yearbooks  |2 SNKPHeng  |9 120938 
655 7 |a Information publications  |2 SNKPHeng  |9 265188 
655 7 |a štatistiky  |2 SNKPH  |9 70182 
655 7 |a Statistics  |2 SNKPHeng  |9 265580 
910 |a snk 
919 |a 80-967865-1-2 
919 |a 80-967865-2-0 
919 |a 80-967865-3-9 
919 |a 80-967865-4-7 
919 |a 80-967865-5-8 
919 |a 978-80-89358-19-9 
919 |a 978-80-89358-61-8 
919 |a 978-80-8121-041-9 
919 |a 978-80-8121-105-8 
919 |a 978-80-8121-214-7 
919 |a 978-80-8121-298-7 
919 |a 978-80-8121-365-6 
919 |a 978-80-8121-454-7 
919 |a 978-80-8121-533-9 
919 |a 978-80-8121-611-4 
919 |a 978-80-8121-679-4 
919 |a 978-80-8121-748-7 
919 |a 978-80-8121-817-0 
999 |c 868  |d 868 
952 |a SNK  |b SNK  |y PREZ  |7 0  |p 17A0055426  |o snkČSD 873/1996  |i snkKSP 2821/97  |8 0  |0 0  |1 0  |4 0  |d 1997-03-14  |l 0  |r 2005-01-02 00:00:00  |w 2026-02-21 
952 |a SNK  |b SNK  |y PREZ  |7 0  |p 17A0055425  |o snkČSD 873/1996 D1  |i snkKSP 2822/97  |8 0  |0 0  |1 0  |4 0  |d 1997-03-14  |l 0  |r 2005-01-02 00:00:00  |w 2026-02-21 
952 |a SNK  |b SNK  |y PREZ  |7 0  |p 17A0406583  |o snkČSD 873/1994  |i snkKSP 3193/95  |8 0  |0 0  |1 0  |4 0  |d 2003-11-22  |l 0  |r 2005-01-02 00:00:00  |w 2026-02-21 
952 |a SNK  |b SNK  |y PREZ  |7 0  |p 17A0406581  |o snkČSD 873/1993  |i snkKSP 2551/94  |8 0  |0 0  |1 0  |4 0  |d 2003-11-22  |l 0  |r 2005-01-02 00:00:00  |w 2026-02-21 
952 |a SNK  |b SNK  |y PREZ  |7 0  |p 17A0416280  |o snkČSD 873/35/2002 D1  |i snkPV 436/2004  |0 0  |1 0  |4 0  |d 2004-04-19  |l 0  |r 2005-01-02 00:00:00  |w 2026-02-21 
952 |a SNK  |b SNK  |y PREZ  |7 0  |p 17A0416279  |o snkČSD 873/35/2002  |i snkPV 435/2004  |0 0  |1 0  |4 0  |d 2004-04-19  |l 0  |r 2005-01-02 00:00:00  |w 2026-02-21 
952 |a SNK  |b SNK  |y PREZ  |7 0  |p 17A0431438  |o snkČSD 873/36/2003  |i snkPV 1098/2004  |0 0  |1 0  |4 0  |d 2004-08-19  |l 0  |r 2005-01-02 00:00:00  |w 2026-02-21 
952 |a SNK  |b SNK  |y PREZ  |7 0  |p 17A0866339  |o snkČSD 873/2009  |i snk2012/18957  |8 0  |0 0  |1 0  |4 0  |d 2012-09-25  |l 0  |r 2026-02-21 19:42:40  |w 2026-02-21 
952 |a SNK  |b SNK  |y PREZ  |7 0  |p 17A0866338  |o snkČSD 873/2008  |i snk2012/18954  |8 0  |0 0  |1 0  |4 0  |d 2012-09-25  |l 0  |r 2026-02-21 19:43:30  |w 2026-02-21 
952 |t 1 CD-ROM  |a SNK  |b SNK  |y PREZ  |7 0  |p 17A0866346  |o snkČSD 873/2009/príl.  |i snk2012/18957  |8 0  |0 0  |1 0  |4 0  |d 2012-09-25  |l 0  |r 2026-02-21 19:43:30  |w 2026-02-21 
952 |a SNK  |b SNK  |y PREZ  |7 0  |p 17A0866340  |o snkČSD 873/2009 D1  |i snk2012/18958  |8 0  |0 0  |1 0  |4 0  |d 2012-09-25  |l 0  |r 2026-02-21 19:43:30  |w 2026-02-21 
952 |a SNK  |b SNK  |y PREZ  |7 0  |p 17A0502138  |o snkČSD 873/[37]/2004  |i snk2006/9354  |8 0  |0 0  |1 0  |4 0  |d 2006-05-09  |l 0  |r 2026-02-21 19:52:21  |w 2026-02-21 
952 |a SNK  |b SNK  |y PREZ  |7 0  |p 17A0502139  |o snkČSD 873/[38]/2005  |i snk2006/9355  |8 0  |0 0  |1 0  |4 0  |d 2006-05-09  |l 0  |r 2026-02-21 19:52:22  |w 2026-02-21 
952 |a SNK  |b SNK  |y PREZ  |7 0  |p 17A1521667  |o snkČSD 873/2022  |i snk2023/17327  |8 0  |z Pre interné účely  |0 0  |1 0  |4 0  |d 2023-11-28  |l 0  |r 2026-02-21 19:59:10  |w 2026-02-21 
952 |a SNK  |b SNK  |y PREZ  |7 0  |p 17A1460934  |o snkČSD 873/2020  |i snk2021/14960  |8 0  |0 0  |1 0  |4 0  |d 2021-10-08  |l 0  |r 2026-02-21 20:00:01  |w 2026-02-21 
952 |t 1 CD-ROM  |a SNK  |b SNK  |y PREZ  |7 0  |p 17A1460935  |o snkČSD 873/2020/príl.  |i snk2021/14960  |8 0  |0 0  |1 0  |4 0  |d 2021-10-08  |l 0  |r 2026-02-21 20:00:01  |w 2026-02-21 
952 |a SNK  |b SNK  |y PREZ  |7 0  |p 17A1460936  |o snkČSD 873/2020 D1  |i snk2021/14964  |8 0  |0 0  |1 0  |4 0  |d 2021-10-08  |l 0  |r 2026-02-21 20:00:02  |w 2026-02-21 
952 |t 1 CD-ROM  |a SNK  |b SNK  |y PREZ  |7 0  |p 17A1460937  |o snkČSD 873/2020/príl. D1  |i snk2021/14964  |8 0  |0 0  |1 0  |4 0  |d 2021-10-08  |l 0  |r 2026-02-21 20:00:02  |w 2026-02-21 
952 |a SNK  |b SNK  |y PREZ  |7 0  |p 17A0431439  |o snkČSD 873/36/2003 D1  |i snkPV 1099/2004  |0 0  |1 0  |4 0  |d 2004-08-19  |l 0  |r 2005-01-02 00:00:00  |w 2026-02-21 
952 |a SNK  |b SNK  |y PREZ  |7 0  |p 17A0582565  |o snkČSD 873/[40]/2007  |i snk2008/15267  |8 0  |0 0  |1 0  |4 0  |d 2008-08-11  |l 0  |r 2026-02-21 20:28:46  |w 2026-02-21 
952 |a SNK  |b SNK  |y PREZ  |7 0  |p 17A0866341  |o snkČSD 873/2010  |i snk2012/18959  |8 0  |0 0  |1 0  |4 0  |d 2012-09-25  |l 0  |r 2026-02-21 20:30:45  |w 2026-02-21 
952 |t 1 CD-ROM  |a SNK  |b SNK  |y PREZ  |7 0  |p 17A0866348  |o snkČSD 873/2010/príl.  |i snk2012/18959  |8 0  |0 0  |1 0  |4 0  |d 2012-09-25  |l 0  |r 2026-02-21 20:30:45  |w 2026-02-21 
952 |a SNK  |b SNK  |y PREZ  |7 0  |p 17A0866342  |o snkČSD 873/2010 D1  |i snk2012/18960  |8 0  |0 0  |1 0  |4 0  |d 2012-09-25  |l 0  |r 2026-02-21 20:30:45  |w 2026-02-21 
952 |t 1 CD-ROM  |a SNK  |b SNK  |y PREZ  |7 0  |p 17A0866349  |o snkČSD 873/2010/príl. D1  |i snk2012/18960  |8 0  |0 0  |1 0  |4 0  |d 2012-09-25  |l 0  |r 2026-02-21 20:30:45  |w 2026-02-21 
952 |t 1 CD-ROM  |a SNK  |b SNK  |y PREZ  |7 0  |p 17A0866347  |o snkČSD 873/2009/príl. D1  |i snk2012/18958  |8 0  |0 0  |1 0  |4 0  |d 2012-09-25  |l 0  |r 2026-02-21 20:30:45  |w 2026-02-21 
952 |a SNK  |b SNK  |y PREZ  |7 0  |p 17A0866343  |o snkČSD 873/2011  |i snk2012/18961  |8 0  |0 0  |1 0  |4 0  |d 2012-09-25  |l 0  |r 2026-02-21 20:30:45  |w 2026-02-21 
952 |t 1 CD-ROM  |a SNK  |b SNK  |y PREZ  |7 0  |p 17A0866350  |o snkČSD 873/2011/príl.  |i snk2012/18961  |8 0  |0 0  |1 0  |4 0  |d 2012-09-25  |l 0  |r 2026-02-21 20:30:45  |w 2026-02-21 
952 |a SNK  |b SNK  |y PREZ  |7 0  |p 17A0866345  |o snkČSD 873/2011 D1  |i snk2012/18962  |8 0  |0 0  |1 0  |4 0  |d 2012-09-25  |l 0  |r 2026-02-21 20:30:45  |w 2026-02-21 
952 |t 1 CD-ROM  |a SNK  |b SNK  |y PREZ  |7 0  |p 17A0866351  |o snkČSD 873/2011/príl. D1  |i snk2012/18962  |8 0  |0 0  |1 0  |4 0  |d 2012-09-25  |l 0  |r 2026-02-21 20:30:45  |w 2026-02-21 
952 |a SNK  |b SNK  |y PREZ  |7 0  |p 17A0320858  |o snkČSD 873/2000  |i snkKSP 12515/2001  |0 0  |1 0  |4 0  |d 2001-11-06  |l 0  |r 2005-01-02 00:00:00  |w 2026-02-21 
952 |a SNK  |b SNK  |y PREZ  |7 0  |p 17A0372184  |o snkČSD 873/2000 D1  |i snkF 19/2003  |8 5  |0 0  |1 0  |4 0  |d 2003-01-28  |l 0  |r 2005-01-02 00:00:00  |w 2026-02-21 
952 |a SNK  |b SNK  |y PREZ  |7 0  |p 17A0556711  |o snkČSD 873/[39]/2006  |i snk2007/21804  |8 0  |0 0  |1 0  |4 0  |d 2007-10-09  |l 0  |r 2026-02-21 21:11:54  |w 2026-02-21 
952 |a SNK  |b SNK  |y PREZ  |7 0  |p 17A0083207  |o snkČSD 873/1995  |i snkKSP 7791/96  |0 0  |1 0  |4 0  |d 1996-09-26  |l 0  |r 2005-01-01 00:00:00  |w 2026-02-21 
952 |a SNK  |b SNK  |y PREZ  |7 0  |p 17A0011679  |o snkČSD 873/1995 D1  |i snkKSP 7792/96  |0 0  |1 0  |4 0  |d 1996-09-26  |l 0  |r 2005-01-01 00:00:00  |w 2026-02-21 
952 |a SNK  |b SNK  |y PREZ  |7 0  |p 17A0352311  |o snkČSD 873/2001  |i snkKSP 9321/2002  |0 0  |1 0  |4 0  |d 2002-08-05  |l 0  |r 2005-01-02 00:00:00  |w 2026-02-21 
952 |a SNK  |b SNK  |y PREZ  |7 0  |p 17A0352312  |o snkČSD 873/2001 D1  |i snkKSP 9322/2002  |0 0  |1 0  |4 0  |d 2002-08-05  |l 0  |r 2005-01-02 00:00:00  |w 2026-02-21 
952 |a SNK  |b SNK  |y PREZ  |7 0  |p 17A0563172  |o snkČSD 873/1972  |i snk2007/23796  |8 0  |0 0  |1 0  |4 0  |d 2007-11-06  |l 0  |r 2026-02-21 21:22:21  |w 2026-02-21 
952 |a SNK  |b SNK  |y PREZ  |7 0  |p 17A0563171  |o snkČSD 873/1971  |i snk2007/23791  |8 1  |0 0  |1 0  |4 0  |d 2007-11-06  |l 0  |r 2026-02-21 21:22:48  |w 2026-02-21 
952 |t 1 CD-ROM  |a SNK  |b SNK  |y PREZ  |7 0  |p 17A0866344  |o snkČSD 873/2008/príl.  |i snk2012/18954  |8 0  |0 0  |1 0  |4 0  |d 2012-09-25  |l 0  |r 2026-02-21 21:23:27  |w 2026-02-21 
952 |a SNK  |b SNK  |y PREZ  |7 0  |p 17A0329105  |o snkČSD 873/1993 D1  |0 0  |1 0  |4 0  |d 2002-02-25  |l 0  |r 2005-01-01 00:00:00  |w 2026-02-21 
952 |a SNK  |b SNK  |y PREZ  |7 0  |p 17A0372182  |o snkČSD 873/1983  |i snkF 21/2003  |8 5  |0 0  |1 0  |4 0  |d 2003-01-28  |l 0  |r 2005-01-02 00:00:00  |w 2026-02-21 
952 |a SNK  |b SNK  |y PREZ  |7 0  |p 17A0371994  |o snkČSD 873/1986  |i snkF 28/2003  |8 5  |0 0  |1 0  |4 0  |d 2003-01-24  |l 0  |r 2005-01-02 00:00:00  |w 2026-02-21 
952 |a SNK  |b SNK  |y PREZ  |7 0  |p 17A0371995  |o snkČSD 873/1982  |i snkF 29/2003  |0 0  |1 0  |4 0  |d 2003-01-24  |l 0  |r 2005-01-02 00:00:00  |w 2026-02-21 
952 |a SNK  |b SNK  |y PREZ  |7 0  |p 17A0371996  |o snkČSD 873/1987  |i snkF 27/2003  |8 5  |0 0  |1 0  |4 0  |d 2003-01-24  |l 0  |r 2005-01-02 00:00:00  |w 2026-02-21 
952 |a SNK  |b SNK  |y PREZ  |7 0  |p 17A0371997  |o snkČSD 873/1988  |i snkF 26/2003  |8 5  |0 0  |1 0  |4 0  |d 2003-01-24  |l 0  |r 2005-01-02 00:00:00  |w 2026-02-21 
952 |a SNK  |b SNK  |y PREZ  |7 0  |p 17A0371992  |o snkČSD 873/1991  |i snkF 25/2003  |8 5  |0 0  |1 0  |4 0  |d 2003-01-24  |l 0  |r 2005-01-02 00:00:00  |w 2026-02-21 
952 |a SNK  |b SNK  |y PREZ  |7 0  |p 17A0371991  |o snkČSD 873/1998  |i snkF 24/2003  |8 5  |0 0  |1 0  |4 0  |d 2003-01-24  |l 0  |r 2005-01-02 00:00:00  |w 2026-02-21 
952 |a SNK  |b SNK  |y PREZ  |7 0  |p 17A0371984  |o snkČSD 873/1999  |i snkF 23/2003  |8 5  |0 0  |1 0  |4 0  |d 2003-01-24  |l 0  |r 2005-01-02 00:00:00  |w 2026-02-21 
952 |a SNK  |b SNK  |y PREZ  |7 0  |p 17A0371978  |o snkČSD 873/1981  |i snkF 22/2003  |0 0  |1 0  |4 0  |d 2003-01-24  |l 0  |r 2005-01-02 00:00:00  |w 2026-02-21 
952 |a SNK  |b SNK  |y PREZ  |7 0  |p 17A0867818  |o snkČSD 873/2012  |i snk2013/5032  |8 0  |0 0  |1 0  |4 0  |d 2013-03-05  |l 0  |r 2026-02-21 21:31:07  |w 2026-02-21 
952 |t 1 CD-ROM  |a SNK  |b SNK  |y PREZ  |7 0  |p 17A0867819  |o snkČSD 873/2012/príl.  |i snk2013/5032  |8 0  |0 0  |1 0  |4 0  |d 2013-03-05  |l 0  |r 2026-02-21 21:31:07  |w 2026-02-21 
952 |t 1 CD-ROM  |a SNK  |b SNK  |y NEVYP  |7 1  |p 17A0867821  |o snkČSD 873/2012/príl. D1  |i snk2013/5034  |8 0  |0 0  |1 0  |4 0  |d 2013-03-05  |l 0  |r 2026-02-21 21:31:08  |w 2026-02-21 
952 |a SNK  |b SNK  |y PREZ  |7 0  |p 17A0867820  |o snkČSD 873/2012 D1  |i snk2013/5034  |8 0  |0 0  |1 0  |4 0  |d 2013-03-05  |l 0  |r 2026-02-21 21:31:08  |w 2026-02-21 
952 |a SNK  |b SNK  |y PREZ  |7 0  |p 17A1267698  |o snkČSD 873/2017  |i snk2018/5043  |8 0  |0 0  |1 0  |4 0  |d 2018-02-28  |l 0  |r 2026-02-21 21:49:27  |w 2026-02-21 
952 |t 1 CD-ROM  |a SNK  |b SNK  |y NEVYP  |7 1  |p 17A1267699  |o snkČSD 873/2017/príl.  |i snk2018/5043  |8 0  |0 0  |1 0  |4 0  |d 2018-02-28  |l 0  |r 2026-02-21 21:49:27  |w 2026-02-21 
952 |a SNK  |b SNK  |y PREZ  |7 0  |p 17A1267700  |o snkČSD 873/2017 D1  |i snk2018/5045  |8 0  |0 0  |1 0  |4 0  |d 2018-02-28  |l 0  |r 2026-02-21 21:49:30  |w 2026-02-21 
952 |t 1 CD-ROM  |a SNK  |b SNK  |y NEVYP  |7 1  |p 17A1267701  |o snkČSD 873/2017/príl. D1  |i snk2018/5045  |8 0  |0 0  |1 0  |4 0  |d 2018-02-28  |l 0  |r 2026-02-21 21:49:30  |w 2026-02-21 
952 |a SNK  |b SNK  |y PREZ  |7 0  |p 17A1386797  |o snkČSD 873/2019  |i snk2020/6166  |8 0  |0 0  |1 0  |4 0  |d 2020-03-10  |l 0  |r 2026-02-21 21:53:02  |w 2026-02-21 
952 |t 1 CD-ROM  |a SNK  |b SNK  |y PREZ  |7 0  |p 17A1386798  |o snkČSD 873/2019/príl.  |i snk2020/6166  |8 0  |0 0  |1 0  |4 0  |d 2020-03-10  |l 0  |r 2026-02-21 21:53:02  |w 2026-02-21 
952 |a SNK  |b SNK  |y PREZ  |7 0  |p 17A1386799  |o snkČSD 873/2019 D1  |i snk2020/6172  |8 0  |0 0  |1 0  |4 0  |d 2020-03-10  |l 0  |r 2026-02-21 21:53:02  |w 2026-02-21 
952 |t 1 CD-ROM  |a SNK  |b SNK  |y PREZ  |7 0  |p 17A1386800  |o snkČSD 873/2019/príl. D1  |i snk2020/6172  |8 0  |0 0  |1 0  |4 0  |d 2020-03-10  |l 0  |r 2026-02-21 21:53:02  |w 2026-02-21 
952 |a SNK  |b SNK  |y PREZ  |7 0  |p 17A1205257  |o snkČSD 873/2016  |i snk2017/4927  |8 0  |0 0  |1 0  |4 0  |d 2017-02-22  |l 0  |r 2026-02-21 21:55:39  |w 2026-02-21 
952 |t 1 CD-ROM  |a SNK  |b SNK  |y NEVYP  |7 1  |p 17A1205258  |o snkČSD 873/2016/príl.  |i snk2017/4927  |8 0  |0 0  |1 0  |4 0  |d 2017-02-22  |l 0  |r 2026-02-21 21:55:39  |w 2026-02-21 
952 |a SNK  |b SNK  |y PREZ  |7 0  |p 17A1205259  |o snkČSD 873/2016 D1  |i snk2017/4932  |8 0  |0 0  |1 0  |4 0  |d 2017-02-22  |l 0  |r 2026-02-21 21:55:40  |w 2026-02-21 
952 |t 1 CD-ROM  |a SNK  |b SNK  |y NEVYP  |7 1  |p 17A1205260  |o snkČSD 873/2016/príl. D1  |i snk2017/4932  |8 0  |0 0  |1 0  |4 0  |d 2017-02-22  |l 0  |r 2026-02-21 21:55:40  |w 2026-02-21 
952 |a SNK  |b SNK  |y PREZ  |7 0  |p 17A1342737  |o snkČSD 873/1985  |i snk2019/8944  |8 1  |0 0  |1 0  |4 0  |d 2019-03-29  |l 0  |r 2026-02-21 21:59:11  |w 2026-02-21 
952 |a SNK  |b SNK  |y PREZ  |7 0  |p 17A1084981  |o snkČSD 873/2013  |i snk2016/3787  |8 0  |0 0  |1 0  |4 0  |d 2016-02-12  |l 0  |r 2026-02-21 22:02:09  |w 2026-02-21 
952 |t 1 CD-ROM  |a SNK  |b SNK  |y PREZ  |7 0  |p 17A1084980  |o snkČSD 873/2013/príl.  |i snk2016/3787  |8 0  |0 0  |1 0  |4 0  |d 2016-02-12  |l 0  |r 2026-02-21 22:02:09  |w 2026-02-21 
952 |a SNK  |b SNK  |y PREZ  |7 0  |p 17A1084979  |o snkČSD 873/2013 D1  |i snk2016/3789  |8 0  |0 0  |1 0  |4 0  |d 2016-02-12  |l 0  |r 2026-02-21 22:02:09  |w 2026-02-21 
952 |t 1 CD-ROM  |a SNK  |b SNK  |y NEVYP  |7 1  |p 17A1084978  |o snkČSD 873/2013/príl. D1  |i snk2016/3789  |8 0  |0 0  |1 0  |4 0  |d 2016-02-12  |l 0  |r 2026-02-21 22:02:09  |w 2026-02-21 
952 |a SNK  |b SNK  |y PREZ  |7 0  |p 17A1084977  |o snkČSD 873/2014  |i snk2016/3790  |8 0  |0 0  |1 0  |4 0  |d 2016-02-12  |l 0  |r 2026-02-21 22:02:09  |w 2026-02-21 
952 |t 1 CD-ROM  |a SNK  |b SNK  |y PREZ  |7 0  |p 17A1084976  |o snkČSD 873/2014/príl.  |i snk2016/3790  |8 0  |0 0  |1 0  |4 0  |d 2016-02-12  |l 0  |r 2026-02-21 22:02:09  |w 2026-02-21 
952 |a SNK  |b SNK  |y PREZ  |7 0  |p 17A1084975  |o snkČSD 873/2014 D1  |i snk2016/3792  |8 0  |0 0  |1 0  |4 0  |d 2016-02-12  |l 0  |r 2026-02-21 22:02:09  |w 2026-02-21 
952 |a SNK  |b SNK  |y PREZ  |7 0  |p 17A1084974  |o snkČSD 873/2015  |i snk2016/3793  |8 0  |0 0  |1 0  |4 0  |d 2016-02-12  |l 0  |r 2026-02-21 22:02:10  |w 2026-02-21 
952 |t 1 CD-ROM  |a SNK  |b SNK  |y PREZ  |7 0  |p 17A1084973  |o snkČSD 873/2015/príl.  |i snk2016/3793  |8 0  |0 0  |1 0  |4 0  |d 2016-02-12  |l 0  |r 2026-02-21 22:02:10  |w 2026-02-21 
952 |a SNK  |b SNK  |y PREZ  |7 0  |p 17A1084972  |o snkČSD 873/2015 D1  |i snk2016/3794  |8 0  |0 0  |1 0  |4 0  |d 2016-02-12  |l 0  |r 2026-02-21 22:02:10  |w 2026-02-21 
952 |t 1 CD-ROM  |a SNK  |b SNK  |y NEVYP  |7 1  |p 17A1084971  |o snkČSD 873/2015/príl. D1  |i snk2016/3794  |8 0  |0 0  |1 0  |4 0  |d 2016-02-12  |l 0  |r 2026-02-21 22:02:10  |w 2026-02-21 
952 |a SNK  |b SNK  |y PREZ  |7 0  |p 17A1343245  |o snkČSD 873/2018  |i snk2019/5624  |8 0  |0 0  |1 0  |4 0  |d 2019-03-01  |l 0  |r 2026-02-21 22:28:29  |w 2026-02-21 
952 |t 1 CD-ROM  |a SNK  |b SNK  |y PREZ  |7 0  |p 17A1343246  |o snkČSD 873/2018/príl.  |i snk2019/5624  |8 0  |0 0  |1 0  |4 0  |d 2019-03-01  |l 0  |r 2026-02-21 22:28:29  |w 2026-02-21 
952 |a SNK  |b SNK  |y PREZ  |7 0  |p 17A1343247  |o snkČSD 873/2018 D1  |i snk2019/5632  |8 0  |0 0  |1 0  |4 0  |d 2019-03-01  |l 0  |r 2026-02-21 22:28:29  |w 2026-02-21 
952 |t 1 CD-ROM  |a SNK  |b SNK  |y PREZ  |7 0  |p 17A1343248  |o snkČSD 873/2018/príl. D1  |i snk2019/5632  |8 0  |0 0  |1 0  |4 0  |d 2019-03-01  |l 0  |r 2026-02-21 22:28:29  |w 2026-02-21